000 00496nmm a2200157Ia 4500
008 251105s9999||||xx |||||||||||||||||und||
020 _a9789561414853
041 _aspa
100 _aDíaz Navarrete, Wenceslao
245 0 _aMaría y los espíritus : diarios y cartas de María Tupper
264 _a[Santiago de Chile, Chile] :
_bEdiciones UC,
_c2015
300 _a452 páginas
650 _aLatin American narrative
856 _uhttps://public.digitaliapublishing.com/a/38254
942 _cCF
999 _c94183
_d94183